000 00259nam a22001337a 4500
008 210304b ||||| |||| 00| 0 eng d
041 _aeng
080 _a7
082 _a7
100 _a44
101 _aART
245 _aThe Camera
_cTLB
942 _2udc
_cBK
999 _c55721
_d55721